The Modification of butadiene acrylonitrile rubber with vinylcyclohexyl ketone (Record no. 70863)

MARC details
000 -LEADER
fixed length control field 00421nam a2200145Ia 4500
100 ## - MAIN ENTRY--AUTHOR NAME
Personal name Resulov N S
245 #4 - TITLE STATEMENT
Title The Modification of butadiene acrylonitrile rubber with vinylcyclohexyl ketone
260 ## - PUBLICATION, DISTRIBUTION, ETC. (IMPRINT)
Name of publisher Rubber Chemistry and Technology
Year of publication 2002
300 ## - PHYSICAL DESCRIPTION
Number of Pages 683-690
650 ## - SUBJECT ADDED ENTRY--TOPICAL TERM
Topical Term Butadiene acrylonitrile rubber
700 ## - ADDED ENTRY--PERSONAL NAME
Personal name Sari B
700 ## - ADDED ENTRY--PERSONAL NAME
Personal name Talu M
942 ## - ADDED ENTRY ELEMENTS (KOHA)
Koha item type Journals
Holdings
Withdrawn status Lost status Damaged status Not for loan Home library Current library Shelving location Date acquired Serial Enumeration / chronology Koha item type
      Journals RRII Library RRII Library Rubber chemistry 01/01/2021 Volume 75, Issue 4 Journals